[Event "Graz Open A 2017"]
[Site "masterchessopen.com Graz AUT"]
[Date "2017.02.22"]
[Round "4.1"]
[White "Can,E"]
[Black "Nguyen,P"]
[Result "1-0"]
[WhiteElo "2567"]
[BlackElo "2433"]

1.d4 Nf6 2.Nf3 c5 3.c4 cxd4 4.Nxd4 Nc6 5.Nc3 g6 6.e4 d6 7.Nc2 Bg7 8.Be2 O-O
9.O-O Be6 10.Bd2 Nd7 11.Kh1 Nc5 12.f3 a5 13.Rb1 f5 14.exf5 Bxf5 15.Ra1 Qb6
16.b3 a4 17.Nd5 Qd8 18.Rb1 axb3 19.axb3 Nd4 20.Nxd4 Bxb1 21.Bg5 Qd7 22.Nb6 Qd8
23.Nxa8 Qxa8 24.Bxe7 Re8 25.Bxd6 b6 26.b4 Na4 27.Nb5 Nb2 28.Qd2 Qa2 29.Nc7 Rc8
30.Qd5+ Kh8 31.Be5 {#r} 1-0

[Event "Graz Open A 2017"]
[Site "masterchessopen.com Graz AUT"]
[Date "2017.02.22"]
[Round "4.2"]
[White "Socko,M"]
[Black "Cawdery,D"]
[Result "1-0"]
[WhiteElo "2455"]
[BlackElo "2413"]

1.e4 c5 2.Nf3 Nc6 3.Bb5 g6 4.Bxc6 dxc6 5.d3 Bg7 6.h3 b6 7.Nc3 Nh6 8.g4 f6
9.Be3 e5 10.Qd2 Nf7 11.O-O-O Be6 12.Nh2 Qe7 13.f4 exf4 14.Bxf4 O-O-O 15.Nf3
Kb7 16.Qg2 Ne5 17.Rhf1 Rhf8 18.Qg3 Bg8 19.a3 Nf7 20.Bd2 Ne5 21.Bf4 Nf7 22.h4
Ne5 23.Nxe5 fxe5 24.Bg5 Bf6 25.Bxf6 Rxf6 26.g5 Rxf1 27.Rxf1 c4 28.dxc4 Bxc4
29.Rf2 Qc5 30.Nb1 Rd7 31.Rd2 Rf7 32.b4 Qe7 33.Rf2 Rxf2 34.Qxf2 Qf7 35.Qf6 Qxf6
36.gxf6 Kc7 37.Nd2 Be6 38.Nf3 Kd6 39.Ng5 Bg4 40.Nf7+ Ke6 41.Nxe5 Bh3 42.f7 Ke7
43.Nxc6+ Kxf7 44.Nxa7 h5 45.Kd2 {#r} 1-0

[Event "Graz Open A 2017"]
[Site "masterchessopen.com Graz AUT"]
[Date "2017.02.22"]
[Round "4.6"]
[White "Costachi,M"]
[Black "Yilmaz,M"]
[Result "1-0"]
[WhiteElo "2430"]
[BlackElo "2621"]

1.d4 d5 2.c4 c6 3.cxd5 cxd5 4.Nc3 Nf6 5.Bf4 Nc6 6.e3 Bf5 7.Bd3 Bxd3 8.Qxd3 e6
9.Nf3 Be7 10.h3 O-O 11.O-O a6 12.Rfc1 Nd7 13.Na4 Rc8 14.Qe2 Qa5 15.Nc3 Na7
16.a3 Nb5 17.Nxb5 axb5 18.Qe1 Qa4 19.Rxc8 Rxc8 20.Rc1 Rxc1 21.Qxc1 Qc4 22.Qxc4
dxc4 23.Bc7 Nf6 24.Ba5 Nd5 25.Kf1 b4 26.Bxb4 Bxb4 27.axb4 Nxb4 28.Nd2 b5
29.Nb1 Nd5 30.Na3 c3 31.b3 f5 32.Ke2 b4 33.Nc2 Kf7 34.f3 g5 35.g3 f4 36.gxf4
gxf4 37.e4 Ne3 38.Nxb4 Kf6 39.Kd3 Nd1 40.h4 e5 41.Nd5+ Ke6 42.Nxc3 Ne3 43.d5+
Kd6 44.Nb5+ Kc5 45.Na3 h5 46.b4+ {#r} 1-0

[Event "Graz Open A 2017"]
[Site "masterchessopen.com Graz AUT"]
[Date "2017.02.22"]
[Round "4.8"]
[White "Istratescu,A"]
[Black "Eggleston,D"]
[Result "0-1"]
[WhiteElo "2599"]
[BlackElo "2387"]

1.c4 Nf6 2.Nc3 e6 3.Nf3 Bb4 4.Qc2 O-O 5.a3 Bxc3 6.Qxc3 d6 7.g3 e5 8.Bg2 Nc6
9.d3 Be6 10.b4 Qd7 11.Ng5 Bg4 12.h3 Bh5 13.g4 Bg6 14.Nf3 h6 15.e4 Rfe8 16.Be3
Nd8 17.Nh4 c6 18.O-O Ne6 19.Rad1 b6 20.f4 Nxf4 21.Bxf4 exf4 22.Rxf4 Rad8
23.Rdf1 c5 24.b5 Qe7 25.Nf3 d5 26.Nh4 dxe4 27.Nxg6 fxg6 28.Bxe4 Rd4 29.Rxf6
gxf6 30.Bxg6 Qe3+ 31.Kg2 Re5 32.Rf3 Qg5 33.Be4 h5 34.Rg3 h4 35.Rf3 f5 36.Bxf5
Re2+ 37.Kf1 Re3 38.Rf2 Qe7 39.Qd2 Qe5 40.Re2 Rf4+ 41.Ke1 Qa1+ {#R} 0-1

[Event "Graz Open A 2017"]
[Site "masterchessopen.com Graz AUT"]
[Date "2017.02.22"]
[Round "4.15"]
[White "Huber,Mart AUT"]
[Black "Vogel,Roven"]
[Result "0-1"]
[WhiteElo "2393"]
[BlackElo "2437"]

1.d4 e6 2.c4 f5 3.g3 Nf6 4.Bg2 d5 5.Nf3 c6 6.O-O Bd6 7.Nc3 O-O 8.Qc2 Ne4 9.Rb1
a5 10.a3 Bd7 11.b4 b5 12.c5 Bc7 13.Ne5 Bxe5 14.dxe5 Nxc3 15.Qxc3 axb4 16.axb4
Be8 17.Bf3 Rf7 18.Rd1 Rfa7 19.e4 Bg6 20.exd5 cxd5 21.Be2 Be8 22.g4 fxg4
23.Bxg4 Qe7 24.h4 Bg6 25.Rb3 Nc6 26.Re1 Rf8 27.h5 Be4 28.Qh3 Nd4 29.Rg3 Bf5
30.h6 g6 31.Bxf5 Rxf5 32.Qg4 Nc6 33.Bg5 Qf8 34.Bf6 Qxh6 35.Bg5 Qf8 36.Bf6 Ra4
37.Rb3 Qh6 38.Kg2 Qf4 39.Qxf4 Rxf4 40.Rh3 Raxb4 41.f3 Rb2+ 42.Kg3 Ra4 43.Reh1
Nd4 44.R3h2 Rxh2 45.Rxh2 Nc6 46.f4 b4 47.f5 gxf5 48.Rh5 b3 49.Rg5+ Kf8 {#R}
0-1

[Event "Graz Open A 2017"]
[Site "masterchessopen.com Graz AUT"]
[Date "2017.02.22"]
[Round "4.18"]
[White "Socko,B"]
[Black "Banzea,Alexandru-Bogdan"]
[Result "1-0"]
[WhiteElo "2598"]
[BlackElo "2245"]

1.d4 Nf6 2.c4 g6 3.Nc3 d5 4.Bg5 Bg7 5.Bxf6 Bxf6 6.cxd5 c5 7.dxc5 Nd7 8.c6 Nc5
9.Rc1 Qb6 10.Qd2 O-O 11.e3 Bf5 12.cxb7 Qxb7 13.f3 Rac8 14.e4 Bd7 15.Bc4 Qb4
16.b3 a5 17.Nge2 Rfd8 18.Nb5 Ra8 19.Rc2 e6 20.Qxb4 axb4 21.Nbd4 Ra5 22.O-O
Rda8 23.a4 Rc8 24.Bb5 Bxb5 25.Nxb5 {#r} 1-0

[Event "Graz Open A 2017"]
[Site "masterchessopen.com Graz AUT"]
[Date "2017.02.22"]
[Round "4.20"]
[White "Schreiner,Pe"]
[Black "Ivic,Velimir"]
[Result "1-0"]
[WhiteElo "2494"]
[BlackElo "2286"]

1.g3 e5 2.c4 Nc6 3.Bg2 Nf6 4.Nc3 g6 5.e3 Bg7 6.Nge2 O-O 7.O-O d6 8.Nd5 Ne7
9.Nxf6+ Bxf6 10.b3 c6 11.Bb2 Bg7 12.f4 Be6 13.Qc2 Qd7 14.Bc3 c5 15.Qb2 Nc6
16.d4 exd4 17.exd4 d5 18.Rad1 Bg4 19.dxc5 d4 20.Nxd4 Bxd1 21.Rxd1 Rad8 22.Bd5
Qg4 23.Rd3 Rfe8 24.Nf3 Nb4 25.Bxg7 Rxd5 26.Bh6 Rde5 27.Qxe5 {#r} 1-0

[Event "Graz Open A 2017"]
[Site "masterchessopen.com Graz AUT"]
[Date "2017.02.22"]
[Round "4.23"]
[White "Tuncer,Tuna"]
[Black "Yilmazyerli,M"]
[Result "0-1"]
[WhiteElo "2298"]
[BlackElo "2454"]

1.Nf3 g6 2.e4 Bg7 3.d4 d6 4.Nc3 Nf6 5.Be3 a6 6.Bd3 O-O 7.O-O b5 8.e5 Ng4 9.Bf4
b4 10.Ne4 dxe5 11.dxe5 Nc6 12.Qe1 Ngxe5 13.Nxe5 Nxe5 14.Rd1 Nxd3 15.Rxd3 Qe8
16.Qxb4 Bf5 17.f3 Rb8 18.Qc5 Rxb2 19.Qxc7 Bxe4 20.fxe4 Qa4 21.Be5 Rxc2 22.Rc3
Bxe5 23.Qxe5 Rxc3 24.Qxc3 Qxa2 25.Rc1 Qe6 26.Qb4 Rd8 27.Qa5 Rd4 28.Re1 Rxe4
{#R} 0-1

[Event "Graz Open A 2017"]
[Site "masterchessopen.com Graz AUT"]
[Date "2017.02.22"]
[Round "4.25"]
[White "Schreiner,T"]
[Black "Schnider,G"]
[Result "1-0"]
[WhiteElo "2276"]
[BlackElo "2419"]

1.d4 Nf6 2.c4 e6 3.Nc3 Bb4 4.e3 O-O 5.Bd3 c5 6.Nf3 d5 7.O-O cxd4 8.exd4 dxc4
9.Bxc4 b6 10.Bg5 Bb7 11.Qe2 h6 12.Bh4 Be7 13.Rad1 Nc6 14.Rfe1 Nd5 15.Bxd5 Bxh4
16.Be4 Re8 17.d5 exd5 18.Nxd5 Bf6 19.Qb5 Rc8 20.Nc3 Nd4 21.Nxd4 Bxe4 22.Nf3
Bc6 23.Rxd8 Rexd8 24.Qf5 {#r} 1-0

[Event "Graz Open A 2017"]
[Site "masterchessopen.com Graz AUT"]
[Date "2017.02.22"]
[Round "4.28"]
[White "Ozturk,Ku"]
[Black "Freitag,Ma"]
[Result "0-1"]
[WhiteElo "2262"]
[BlackElo "2393"]

1.d4 Nf6 2.c4 g6 3.Nc3 Bg7 4.e4 O-O 5.Be2 d6 6.Be3 e5 7.Nf3 c6 8.d5 c5 9.O-O
Ng4 10.Bg5 f6 11.Bh4 Nh6 12.Nd2 Na6 13.a3 Qe7 14.Rb1 Nf7 15.b4 Bh6 16.b5 Nb8
17.a4 Bg5 18.Bg3 f5 19.f3 Be3+ 20.Kh1 Nd7 21.f4 exf4 22.Bxf4 Bxf4 23.Rxf4 Qe5
24.Rf3 f4 25.Qc1 Nf6 26.Rf1 g5 27.Qc2 g4 28.Nd1 Qg5 29.Rb3 Ne5 30.Qc3 Bd7
31.Nb2 Qh6 32.Kg1 Rae8 33.a5 Re7 34.b6 a6 35.Ra3 Rg7 36.Qc1 g3 37.h3 Bxh3
38.Nf3 Bg4 {#R} 0-1

[Event "Graz Open A 2017"]
[Site "masterchessopen.com Graz AUT"]
[Date "2017.02.22"]
[Round "4.30"]
[White "Pitzanti,Matteo"]
[Black "Loeffler,S"]
[Result "0-1"]
[WhiteElo "2234"]
[BlackElo "2379"]

1.d4 Nf6 2.Nf3 g6 3.Nbd2 Bg7 4.e4 d6 5.Bc4 O-O 6.O-O Nc6 7.c3 e5 8.dxe5 Nxe5
9.Nxe5 dxe5 10.Qb3 Nd7 11.Rd1 Nc5 12.Qc2 Qf6 13.Nf1 Be6 14.Be2 Qe7 15.b4 Nd7
16.a4 f5 17.exf5 gxf5 18.f4 Qf7 19.Re1 c5 20.b5 Rac8 21.Be3 Nb6 22.fxe5 Bxe5
23.Bf3 Rfe8 24.Bf2 Bb3 25.Qc1 Nxa4 26.Rxa4 Bxa4 27.c4 Qg7 28.Bd5+ Kh8 29.Qa3
Bc2 30.Ne3 Be4 31.Bxe4 fxe4 32.Qxa7 Rf8 33.Nf1 Bd4 34.Ne3 Ra8 {#R} 0-1

[Event "Graz Open A 2017"]
[Site "masterchessopen.com Graz AUT"]
[Date "2017.02.22"]
[Round "4.33"]
[White "Mandiza,F"]
[Black "Derakhshani,Borna"]
[Result "0-1"]
[WhiteElo "2373"]
[BlackElo "2236"]

1.Nf3 d5 2.d4 Nf6 3.c4 e6 4.Nc3 Bb4 5.Qa4+ Nc6 6.e3 Ne4 7.Qc2 f5 8.a3 Nxc3
9.axb4 Ne4 10.b5 Ne7 11.c5 Ng6 12.h4 O-O 13.Bd3 Qe8 14.Ra5 Bd7 15.h5 Nh8
16.Ne5 b6 17.Nxd7 Qxd7 18.Ra6 Qe7 19.f3 Nf6 20.Bd2 Nf7 21.Kd1 Nh6 22.b4 Qe8
23.Kc1 e5 24.Qa2 e4 25.Be2 exf3 26.gxf3 f4 27.e4 Kh8 28.e5 Nxh5 29.Bd3 Ng3
30.Rh2 Qe6 31.Rxa7 Rac8 32.Qb1 Ngf5 33.Bc3 Qg6 34.Kb2 Qg3 35.Qh1 Ne3 36.Ra1
Neg4 37.Rg2 Qxf3 38.Be2 Qe4 39.Rxg4 Qxe2+ 40.Kb3 Qxg4 41.Qxd5 f3 42.e6 Rce8
43.Qc4 Qxe6 44.d5 Qe4 45.Bd4 Nf5 {#R} 0-1

[Event "Graz Open A 2017"]
[Site "masterchessopen.com Graz AUT"]
[Date "2017.02.22"]
[Round "4.35"]
[White "Sredojevic,I"]
[Black "Scott,Gordon W"]
[Result "1-0"]
[WhiteElo "2346"]
[BlackElo "2207"]

1.e4 e6 2.d4 d5 3.Nc3 Bb4 4.a3 Bxc3+ 5.bxc3 Ne7 6.Bd3 b6 7.Qe2 Bb7 8.exd5 Qxd5
9.Nf3 Nd7 10.O-O O-O 11.Bg5 Ng6 12.c4 Qd6 13.Rfe1 Nf4 14.Qd2 Nxd3 15.Qxd3 Rfe8
16.Rad1 c5 17.Ne5 Nxe5 18.dxe5 Qxd3 19.cxd3 h6 20.Bh4 g5 21.Bg3 Red8 22.f4 Rd7
23.fxg5 hxg5 24.Re3 Rad8 25.Bf2 Ba6 26.Rg3 Bxc4 27.Rxg5+ Kf8 28.d4 cxd4 29.Rd2
d3 30.Bh4 f5 31.Rh5 Kg7 32.Bxd8 Rxd8 33.Rg5+ Kh6 34.Rg3 Rd5 35.h3 Rxe5 36.a4
Ra5 37.Rf2 e5 38.Rxf5 d2 39.Rf6+ Kh7 40.Rd6 Rxa4 41.Rxd2 Ra1+ 42.Kh2 Rf1
43.Rd6 b5 44.Rd7+ Rf7 45.Rxf7+ Bxf7 46.Ra3 b4 47.Rxa7 Kg6 48.Rb7 b3 49.g4 e4
50.Rb6+ {#r} 1-0

[Event "Graz Open A 2017"]
[Site "masterchessopen.com Graz AUT"]
[Date "2017.02.22"]
[Round "4.36"]
[White "Erenberg,Ariel"]
[Black "Szustakowski,Antoni"]
[Result "1-0"]
[WhiteElo "2342"]
[BlackElo "2184"]

1.d4 Nf6 2.c4 e6 3.Nc3 Bb4 4.Qc2 c5 5.dxc5 O-O 6.a3 Bxc5 7.Nf3 b6 8.b4 Be7
9.e4 d6 10.Be2 Bb7 11.Bf4 a6 12.O-O Qc7 13.Rfd1 Nbd7 14.Nd2 Rac8 15.a4 Rfe8
16.Qb3 Qb8 17.a5 Qa8 18.axb6 Nxb6 19.f3 Nfd7 20.Nf1 Qb8 21.Kh1 Qc7 22.Rac1 Ne5
23.Bxe5 dxe5 24.c5 Nd7 25.Ra1 Ra8 26.Ne3 Reb8 27.Nc4 Bc6 28.Qa3 Bd8 29.Nd6 Be7
30.h3 Nf6 31.Bxa6 Bxd6 32.cxd6 Qb6 33.b5 Bd7 34.Rab1 Qf2 35.Qc1 Nh5 36.Rb2 Qg3
37.Ne2 Qf2 38.Nf4 Ng3+ 39.Kh2 Qb6 40.Nd3 Nh5 41.Nxe5 Ra7 42.Rc2 Rd8 43.Rc7 Nf6
44.Rxa7 Qxa7 45.Qc7 Qa8 46.Bb7 Qb8 47.Nc6 {#r} 1-0

[Event "16th Rochefort Open 2017"]
[Site "masterchessopen.com Rochefort FRA"]
[Date "2017.02.22"]
[Round "7.2"]
[White "Cornette,M"]
[Black "Nikolov,Mo"]
[Result "0-1"]
[WhiteElo "2593"]
[BlackElo "2563"]

1.c4 Nf6 2.g3 c5 3.Bg2 d5 4.cxd5 Nxd5 5.Nc3 Nc7 6.e3 e5 7.Nge2 Be7 8.O-O O-O
9.f4 exf4 10.Nxf4 Nc6 11.b3 Bf5 12.Ba3 Qd7 13.Rc1 Bg4 14.Qe1 Rac8 15.Qf2 Ne6
16.Ncd5 Bd6 17.h3 Nxf4 18.Nxf4 Bxf4 19.Qxf4 Bxh3 20.Bxh3 Qxh3 21.Bxc5 Rfd8
22.Qxf7+ Kh8 23.Bd6 h6 24.Qg6 Ne7 25.Rxc8 Nxg6 26.Rxd8+ Kh7 27.Bc7 Ne7 28.e4
Qe6 29.Re1 Qc6 30.Rd3 Qxc7 31.e5 Qc2 32.Rd7 Qc5+ {#R} 0-1

[Event "16th Rochefort Open 2017"]
[Site "masterchessopen.com Rochefort FRA"]
[Date "2017.02.22"]
[Round "7.3"]
[White "Shirazi,K"]
[Black "Enchev,I"]
[Result "0-1"]
[WhiteElo "2331"]
[BlackElo "2464"]

1.e4 e5 2.Bc4 Nc6 3.Nc3 Nf6 4.d3 Bc5 5.a3 h6 6.Be3 d6 7.Nf3 Bxe3 8.fxe3 Be6
9.Nd5 Bxd5 10.exd5 Ne7 11.e4 O-O 12.Qd2 c6 13.dxc6 bxc6 14.g4 d5 15.Bb3 dxe4
16.g5 hxg5 17.Nxe5 e3 18.Qc3 Qc7 19.d4 Ned5 20.Qxc6 Qa5+ 21.c3 Rac8 22.Qa4 Qc7
23.O-O Nf4 24.Rf3 Qb7 25.Qb4 Qe4 26.Qe7 Rce8 27.Bxf7+ Kh7 28.Rxf4 gxf4 29.Bg6+
Qxg6+ 30.Nxg6 Rxe7 31.Nxe7 f3 32.Nf5 Ng4 33.Ng3 e2 34.Nxe2 fxe2 35.Re1 Ne3
{#R} 0-1

[Event "16th Rochefort Open 2017"]
[Site "masterchessopen.com Rochefort FRA"]
[Date "2017.02.22"]
[Round "7.4"]
[White "Favarel,A"]
[Black "Velten,P"]
[Result "0-1"]
[WhiteElo "2423"]
[BlackElo "2456"]

1.d4 e6 2.Nf3 Nf6 3.Bf4 c5 4.c3 d5 5.e3 Nc6 6.Nbd2 Bd6 7.Bg3 O-O 8.Bd3 h6
9.dxc5 Bxc5 10.O-O Be7 11.h3 Bd6 12.Bxd6 Qxd6 13.Qe2 e5 14.e4 Nh5 15.exd5 Nf4
16.Qe3 Nxd5 17.Qe4 f5 18.Qxd5+ Qxd5 19.Bc4 Be6 20.Bxd5 Bxd5 21.Nb3 Bxf3
22.gxf3 Ne7 23.Rad1 Ng6 24.Rd7 Nh4 25.Rfd1 b6 26.R1d3 Rf7 27.Nd2 Re8 28.a4
Rfe7 29.b4 Kf7 30.c4 Ng6 31.R3d6 Rxd7 32.Rxd7+ Re7 33.Rd6 Nf4 34.b5 Nxh3+
35.Kf1 Nf4 36.c5 bxc5 37.a5 Rb7 38.b6 axb6 39.axb6 Ke7 40.Rc6 Kd7 41.Rxc5 Rxb6
42.Rxe5 g6 43.Re1 Rb4 {#R} 0-1

[Event "16th Rochefort Open 2017"]
[Site "masterchessopen.com Rochefort FRA"]
[Date "2017.02.22"]
[Round "7.5"]
[White "Le Ruyet,L"]
[Black "Demuth,A"]
[Result "0-1"]
[WhiteElo "2303"]
[BlackElo "2525"]

1.Nf3 c5 2.c4 Nc6 3.Nc3 Nf6 4.d4 cxd4 5.Nxd4 e6 6.a3 Bc5 7.Nb3 Bb6 8.Bf4 e5
9.Bg3 d6 10.e3 h6 11.Qd3 O-O 12.O-O-O Bg4 13.Be2 Qc8 14.Bh4 g5 15.Bxg4 Qxg4
16.Bg3 Rfd8 17.Nd2 Qe6 18.h4 g4 19.h5 d5 20.Bh4 d4 21.exd4 Rxd4 22.Qc2 Rc8
23.Nb5 Rf4 24.Bxf6 Qxf6 25.Ne4 Qe6 26.Rd6 Nd4 27.Nxd4 Qxc4 28.Nf6+ Kg7 29.Kb1
Qxc2+ 30.Nxc2 Rxf6 31.Rxf6 Kxf6 32.Ne3 Kg5 33.g3 f5 {#R} 0-1

[Event "16th Rochefort Open 2017"]
[Site "masterchessopen.com Rochefort FRA"]
[Date "2017.02.22"]
[Round "7.6"]
[White "Yuffa,D"]
[Black "Ollier,P"]
[Result "1-0"]
[WhiteElo "2519"]
[BlackElo "2359"]

1.Nf3 Nf6 2.g3 d5 3.Bg2 Bf5 4.O-O e6 5.d3 h6 6.c4 c6 7.Nc3 Nbd7 8.cxd5 cxd5
9.Nd4 Bh7 10.e4 Nb6 11.a4 e5 12.Nf5 d4 13.a5 Nbd7 14.Nb1 Bxf5 15.exf5 Bd6
16.a6 O-O 17.axb7 Rb8 18.Rxa7 Nc5 19.b4 Ncd7 20.Qa4 Qb6 21.Bd2 e4 22.Ra6 {#r}
1-0

[Event "16th Rochefort Open 2017"]
[Site "masterchessopen.com Rochefort FRA"]
[Date "2017.02.22"]
[Round "7.8"]
[White "Navrotescu,C"]
[Black "Daulyte,D"]
[Result "1-0"]
[WhiteElo "2357"]
[BlackElo "2447"]

1.c4 e6 2.Nf3 Nf6 3.g3 d5 4.Bg2 d4 5.O-O c5 6.e3 Nc6 7.exd4 cxd4 8.d3 Bd6
9.Na3 e5 10.Nc2 a5 11.Bg5 O-O 12.a3 h6 13.Bxf6 Qxf6 14.Nd2 Qe7 15.Re1 Be6
16.Rb1 a4 17.Ne4 Bc7 18.b4 axb3 19.Rxb3 Ba5 20.Nd2 Bc3 21.Qe2 Rfe8 22.Reb1 Bc8
23.Ne4 Ba5 24.Rb5 Qc7 25.c5 Re7 26.Nd6 Nd8 27.Nxb7 Bd7 28.Nxd4 Bc3 29.c6 Bxd4
30.cxd7 Rxd7 31.Nc5 Rxa3 32.Nxd7 Qxd7 33.Bd5 Ra1 34.Bc4 Rxb1+ 35.Rxb1 Qa7
36.Qf3 Kh7 37.Kg2 g6 38.Qf6 Qc7 39.h4 Qc6+ 40.Qxc6 Nxc6 41.Rb7 Nd8 42.Rd7 Bb6
43.Bxf7 {#r} 1-0

[Event "33rd Cappelle Open 2017"]
[Site "masterchessopen.com Cappelle la Grande FRA"]
[Date "2017.02.22"]
[Round "6.3"]
[White "Van Dael,Siem"]
[Black "Albets Armengol,R"]
[Result "0-1"]
[WhiteElo "2042"]
[BlackElo "2209"]

1.e4 g6 2.d4 Bg7 3.Nc3 d6 4.Be3 a6 5.Qd2 Nd7 6.f3 b5 7.h4 h5 8.Nh3 Bb7 9.Ng5
Rc8 10.a4 c6 11.Bd3 e5 12.d5 b4 13.Na2 c5 14.Qe2 a5 15.Bb5 Nf6 16.O-O-O Qc7
17.b3 O-O 18.c4 bxc3 19.Rd3 Nb6 20.Rxc3 Nbxd5 21.exd5 Nxd5 22.Rc2 Nxe3 23.Qxe3
d5 24.Kb1 e4 25.fxe4 Qe5 26.Qc3 Qe7 27.Qxa5 dxe4 28.Nc3 e3 29.Re1 Ra8 30.Qb6
Rfb8 31.Bc4 Ba6 32.Bxf7+ Qxf7 33.Qxb8+ Rxb8 34.Nxf7 Rxb3+ 35.Kc1 Kxf7 36.Rxe3
Bh6 37.Kd2 Rb4 38.Nb5 Bxb5 39.axb5 Rb3 40.Rc3 Rxc3 {#R} 0-1

[Event "33rd Cappelle Open 2017"]
[Site "masterchessopen.com Cappelle la Grande FRA"]
[Date "2017.02.22"]
[Round "6.4"]
[White "Leruste,G"]
[Black "Fejzovski,En"]
[Result "1-0"]
[WhiteElo "2179"]
[BlackElo "2035"]

1.d4 c5 2.d5 e5 3.e4 d6 4.Nf3 a6 5.a4 Be7 6.Be2 Nd7 7.Nc3 h6 8.Nd2 Ngf6 9.Nc4
O-O 10.O-O Ne8 11.g3 Bg5 12.f4 exf4 13.gxf4 Bf6 14.Kh1 Bd4 15.Bf3 f5 16.Ne2
fxe4 17.Nxd4 exf3 18.Ne6 Qh4 19.Nxf8 Kxf8 20.Qxf3 Ndf6 21.Ne3 Ng4 22.Qg3 Qh5
23.f5 Ne5 24.Bd2 Nf6 25.Qg2 Bd7 26.Bc3 Re8 27.b3 b5 28.axb5 Bxb5 29.Rf2 Neg4
30.Nxg4 Nxg4 31.Rd2 Re3 32.Rg1 Rxc3 33.Qxg4 Qxg4 34.Rxg4 Re3 35.Rg6 h5 36.Rxd6
h4 37.Kg1 Re1+ 38.Kf2 Rf1+ 39.Kg2 h3+ 40.Kg3 Ke7 41.Re6+ Kd7 42.c4 {#r} 1-0

[Event "Kragero Resort Chess 2017"]
[Site "masterchessopen.com Kragero NOR"]
[Date "2017.02.22"]
[Round "1.1"]
[White "Dahl,Trygve"]
[Black "Rozentalis,E"]
[Result "0-1"]
[WhiteElo "2209"]
[BlackElo "2576"]

1.e4 Nf6 2.e5 Nd5 3.d4 d6 4.Nf3 g6 5.c4 Nb6 6.exd6 cxd6 7.Nc3 Bg7 8.Be3 O-O
9.Rc1 Bg4 10.b3 Nc6 11.Be2 d5 12.c5 Nc8 13.Rb1 b6 14.b4 bxc5 15.bxc5 Bxf3
16.Bxf3 e6 17.O-O N8e7 18.Qa4 Rc8 19.Rfd1 Nf5 20.Nb5 Qd7 21.Bg4 Nxe3 22.fxe3
f5 23.Bf3 Bh6 24.Rb3 Rfd8 25.Rdb1 Rb8 26.Kf2 f4 27.e4 dxe4 28.Bxe4 Bg7 29.Nd6
Bxd4+ 30.Kf1 Bxc5 31.Nb7 Rxb7 32.Rxb7 Qd2 33.Qc2 Qe3 {#R} 0-1

[Event "Kragero Resort Chess 2017"]
[Site "masterchessopen.com Kragero NOR"]
[Date "2017.02.22"]
[Round "1.2"]
[White "Chatalbashev,B"]
[Black "Sahl,S"]
[Result "1-0"]
[WhiteElo "2550"]
[BlackElo "2169"]

1.d4 f5 2.g3 Nf6 3.Bg2 e6 4.c4 Be7 5.Nf3 O-O 6.O-O d6 7.b3 Ne4 8.Bb2 a5 9.Nfd2
Nxd2 10.Nxd2 d5 11.Nf3 c6 12.Qc1 Na6 13.Ne5 Bg5 14.Qc3 Be7 15.f3 f4 16.gxf4
Rxf4 17.e3 Rh4 18.f4 Bd7 19.e4 dxc4 20.bxc4 Be8 21.d5 Bf6 22.Rad1 Qb6+ 23.Kh1
Rd8 24.d6 Nc5 25.Ba3 Nd7 26.Nxd7 Rxd7 27.e5 Bd8 28.f5 Bf7 29.Bh3 Rh6 30.fxe6
Rxe6 31.Rxf7 {#r} 1-0

[Event "Kragero Resort Chess 2017"]
[Site "masterchessopen.com Kragero NOR"]
[Date "2017.02.22"]
[Round "1.3"]
[White "Royset,P"]
[Black "Lie,K"]
[Result "0-1"]
[WhiteElo "2166"]
[BlackElo "2525"]

1.e4 c5 2.Nc3 e6 3.g3 a6 4.Bg2 Nc6 5.Nge2 Nf6 6.O-O h5 7.d4 cxd4 8.Nxd4 Qc7
9.Bg5 Bc5 10.Nb3 Ba7 11.Nd5 exd5 12.exd5 Ne5 13.d6 Qc4 14.Bxf6 gxf6 15.Re1 Qg4
16.Qd5 O-O 17.Re4 Qg5 18.Rf4 Rb8 19.Re1 b5 20.Qd1 Ng6 21.Rf3 Bb7 22.Rc3 Bxg2
23.Kxg2 Bb6 24.Re4 Rfe8 25.h4 Qf5 26.Rxe8+ Rxe8 27.Qf3 Qxf3+ 28.Rxf3 Re2 {#R}
0-1

[Event "Kragero Resort Chess 2017"]
[Site "masterchessopen.com Kragero NOR"]
[Date "2017.02.22"]
[Round "1.4"]
[White "Kveinys,A"]
[Black "Gonzalez,Francisco Silva"]
[Result "1-0"]
[WhiteElo "2508"]
[BlackElo "2028"]

1.d4 Nf6 2.Nf3 d5 3.c4 e6 4.Nc3 c6 5.e3 Nbd7 6.Qc2 Bd6 7.Bd3 O-O 8.O-O dxc4
9.Bxc4 e5 10.Bb3 exd4 11.exd4 h6 12.Re1 Nh7 13.Bxh6 Bxh2+ 14.Kxh2 gxh6 15.Qg6+
Kh8 16.Qxh6 Nf6 17.Kg1 Ng4 18.Qf4 Kg7 19.d5 cxd5 20.Nxd5 Ngf6 21.Nc7 Bd7
22.Nxa8 Qxa8 23.Rad1 Qc8 24.Ne5 Be8 25.Rd3 Kh8 26.Rh3 Qd8 27.Qh6 Rg8 28.Bxf7
Rg7 29.Ng6+ {#r} 1-0

[Event "ch-CHI 2017"]
[Site "masterchessopen.com Santiago CHI"]
[Date "2017.02.22"]
[Round "4.1"]
[White "Gutierrez Montes,Sebastian"]
[Black "Valenzuela Gomez,F"]
[Result "0-1"]
[WhiteElo "2166"]
[BlackElo "2359"]

1.e4 g6 2.d4 Bg7 3.Nc3 d6 4.Bg5 a6 5.Qd2 b5 6.a3 Bb7 7.O-O-O Nd7 8.f3 c5
9.dxc5 Nxc5 10.Nge2 Rc8 11.Kb1 Nf6 12.Be3 Nfd7 13.Bd4 Ne5 14.Nc1 Ne6 15.Be3
Rxc3 16.Qxc3 Nxf3 17.Qb4 Ne5 18.a4 O-O 19.axb5 axb5 20.Bxb5 Qa8 21.Bd3 Rb8
22.Qe1 Bxe4 23.Bxe4 Rxb2+ {#R} 0-1

[Event "ch-CHI 2017"]
[Site "masterchessopen.com Santiago CHI"]
[Date "2017.02.22"]
[Round "4.2"]
[White "Salinas Herrera,P"]
[Black "Hernandez Riera,J"]
[Result "0-1"]
[WhiteElo "2464"]
[BlackElo "2204"]

1.d4 d5 2.Bf4 e6 3.e3 Bd6 4.Bg3 Ne7 5.Bd3 Nf5 6.Nc3 Nxg3 7.hxg3 Nd7 8.e4 dxe4
9.Nxe4 Nf6 10.Qe2 Bd7 11.Nf3 Qe7 12.Nxd6+ cxd6 13.Nd2 Bc6 14.f3 Qc7 15.Qf2 b5
16.g4 Nd5 17.c3 Nf4 18.Bc2 b4 19.c4 d5 20.g3 Ng6 21.Bxg6 fxg6 22.c5 O-O 23.f4
e5 24.dxe5 d4 25.O-O Qd7 26.Nf3 Rad8 27.Rad1 d3 28.g5 Qd5 29.b3 a5 30.Kh2 a4
31.Nd2 h6 32.gxh6 Rf5 33.h7+ Kh8 34.Nf3 Rh5+ 35.Nh4 Rf8 36.Qd2 g5 37.Rf2 gxf4
38.Kh3 Qe6+ 39.Kh2 fxg3+ 40.Kxg3 Qxe5+ 41.Kh3 Bd7+ 42.Kg2 Rg5+ 43.Kh1 Rxf2
44.Qxf2 Bc6+ 45.Nf3 Rg3 46.Rxd3 Qh5+ {#R} 0-1

[Event "ch-CHI 2017"]
[Site "masterchessopen.com Santiago CHI"]
[Date "2017.02.22"]
[Round "4.3"]
[White "Hurtado Bahamonde,R"]
[Black "Valenzuela Fuentealba,L"]
[Result "0-1"]
[WhiteElo "2167"]
[BlackElo "2443"]

1.e4 c5 2.Nf3 e6 3.d4 cxd4 4.Nxd4 a6 5.Nc3 b5 6.Be2 Bb7 7.Bf3 Ne7 8.e5 Nbc6
9.Bf4 Ng6 10.Nxc6 Bxc6 11.Bxc6 dxc6 12.Qf3 Qc7 13.O-O-O Be7 14.Bg3 O-O 15.Qe4
Rfd8 16.h4 b4 17.Ne2 Nf8 18.Nf4 c5 19.Nh5 Qa5 20.Qc4 Ng6 21.Nxg7 Kxg7 22.h5
Bg5+ 23.Kb1 Rxd1+ 24.Rxd1 Rd8 25.Rh1 Rd4 26.Qe2 Nf4 27.h6+ Kh8 28.Bxf4 Bxf4
29.g3 Bg5 30.f4 Be7 31.Qh5 Qd8 32.c3 bxc3 33.bxc3 Rd2 {#R} 0-1

[Event "ch-CHI 2017"]
[Site "masterchessopen.com Santiago CHI"]
[Date "2017.02.22"]
[Round "4.4"]
[White "Sanchez Sandoval,Gonzalo"]
[Black "Aguirre Contreras,Cristian"]
[Result "1-0"]
[WhiteElo "2256"]
[BlackElo "2254"]

1.d4 Nf6 2.c4 e6 3.Nf3 b6 4.e3 Bb7 5.Bd3 Be7 6.O-O O-O 7.Nc3 d5 8.b3 Nbd7
9.Bb2 c5 10.Qe2 Ne4 11.Rfd1 Qc7 12.Rac1 Ndf6 13.cxd5 Nxc3 14.Bxc3 exd5 15.dxc5
bxc5 16.Bxf6 Bxf6 17.Qc2 Be7 18.Bxh7+ Kh8 19.Bd3 Qa5 20.Qe2 g6 21.Ne5 Qc7
22.f4 Bc8 23.Qf3 Be6 24.e4 Rad8 25.exd5 Bxd5 26.Qg4 Rg8 27.Bc4 Bxc4 28.Rxc4
Bf6 29.Nd7 Be7 30.Ne5 Bf6 31.Nd7 Be7 32.Rd3 Kg7 33.f5 Rh8 34.h3 Rh4 35.Qd1
Rxc4 36.bxc4 Qf4 37.Qa1+ f6 38.fxg6 Bd6 39.g3 Qf5 40.Rxd6 Rxd7 41.g4 Qf3
42.Rxd7+ Kxg6 43.Qb1+ Kh6 44.Qh7+ Kg5 45.Rd5+ {#r} 1-0